| 000 | 00452nam a2200181Ia 4500 | ||
|---|---|---|---|
| 005 | 20240823062509.0 | ||
| 008 | 240823s9999||||xx |||||||||||||| ||und|| | ||
| 041 | _aENGLISH | ||
| 082 | _A004.22 M8 | ||
| 100 | _a"Hayes,John P" | ||
| 245 | 0 | _aComputer Architecture and Organization | |
| 250 | _a2nd | ||
| 260 |
_c1988 _b"MGH,New York" |
||
| 500 | _aYES | ||
| 650 |
_aComputer Architecture _bComputer Applications |
||
| 942 | _cBK | ||
| 999 |
_c236020 _d236020 |
||